Sports Quiz

Random Sports or Letter Quiz

Super League Double Letter Surnames Quiz Stats

 Plays Quiz not verified by Sporcle

Score 0/99 Timer 15:00
0 Plays Today
Club Player % Correct
Leeds RhinosCarl Ablett
92.3%
Leeds RhinosRyan Hall
76.9%
Leeds RhinosRob Burrow
69.2%
Wakefield Trinity WildcatsKyle Wood
68%
Warrington WolvesPaul Wood
66.7%
Hull KRBlake Green
65.4%
Hull KRCraig Hall
65.4%
St HelensPaul Wellens
64%
Bradford BullsDanny Addy
61.5%
Wigan WarriorsLiam Farrell
61.5%
Warrington WolvesBen Harrison
61.5%
Warrington WolvesChris Hill
61.5%
Leeds RhinosBrent Webb
60%
Huddersfield GiantsEorl Crabtree
57.7%
Warrington WolvesBen Westwood
56%
Warrington WolvesTyrone McCarthy
53.8%
London BroncosTony Clubb
50%
London BroncosMatt Cook
50%
Widnes VikingsBen Cross
50%
Wakefield Trinity WildcatsAndy Ellis
50%
Hull FCJamie Ellis
50%
Catalans DragonsClint Greenshields
50%
Leeds RhinosRichard Moore
50%
Widnes VikingsScott Moore
50%
Wigan WarriorsPaul Prescott
48%
Widnes VikingsAnthony Watts
48%
Hull KRLiam Watts
48%
Widnes VikingsHep Cahill
46.2%
Castleford TigersBrett Ferres
46.2%
St HelensChris Flannery
46.2%
St HelensLee Gaskell
46.2%
St HelensLouis McCarthy-Scarsbrook
46.2%
Salford City RedsJoel Moon
46.2%
Club Player % Correct
Castleford TigersDanny Orr
44%
Bradford BullsJarrod Sammut
44%
London BroncosMichael Witt
44%
Widnes VikingsDanny Allen
42.3%
Hull FCMartin Aspinwall
42.3%
Bradford BullsTom Burgess
42.3%
Catalans DragonsDavid Ferriol
42.3%
Widnes VikingsPaddy Flynn
42.3%
Salford City RedsSean Gleeson
42.3%
Wakefield Trinity WildcatsVince Mellars
42.3%
Wigan WariorsLee Mossop
42.3%
Hull FCEamon O'Carroll
40%
St HelensJosh Perry
40%
Catalans DragonsFrederic Vaccari
40%
St HelensGary Wheeler
40%
Salford City RedsDanny Williams
40%
Warrington WolvesRhys Williams
40%
Warrington WolvesGarreth Carvell
38.9%
Hull FCMike Burnett
38.5%
Bradford BullsJason Crookes
38.5%
Wigan WarriorsAnthony Gelling
38.5%
Leeds rhinosDarrell Griffin
38.5%
Castleford TigersJosh Griffin
38.5%
St HelensAnthony Laffranchi
38.5%
Huddersfield GiantsThomas Lee
38.5%
Castleford TigersNathan Massey
38.5%
Salford City RedsIafeta Palea'asina
36%
Catalans DragonsEloi Pelissier
36%
Widnes VikingsSteve Pickersgill
36%
Bradford BullsMichael Platt
36%
Bradford BullsIan Sibbit
36%
London BroncosScott Wheeldon
36%
Wakefield Trinity WildcatsDean Collis
34.6%
Club Player % Correct
Castleford TigersJacob Emmitt
34.6%
Bradford BullsBen Jeffries
34.6%
Hull FCWade McKinnon
34.6%
Hull KRScott Murrell
34.6%
Leeds RhinosLiam Hood
33.3%
Huddersfield GiantsLuke O'Donnell
32%
Hull FCJay Pitts
32%
London BroncosChad Randall
32%
Bradford BullsKyle Briggs
30.8%
Warrington WolvesMike Cooper
30.8%
Huddersfield GiantsDavid Fa'alogo
30.8%
Widnes VikingsKurt Haggerty
30.8%
Salford City RedsLee Jewitt
30.8%
Wakefield Trinity WildcatsAli Lauitiiti
30.8%
Huddersfield GiantsJermain McGillvary
30.8%
London BroncosChris Melling
30.8%
Castleford TigersGrant Millington
30.8%
Castleford TigersLee Mitchell
30.8%
Salford City RedsLuke Patten
28%
Bradford BullsAdrian Purtell
28%
Hull KRLouis Sheriff
28%
Wakefield Trinity WildcatsDanny Washbrook
28%
Widnes VikingsSimon Finnigan
26.9%
Salford City RedsBen Gledhill
26.9%
Catalans DragonsCyrile Gossard
26.9%
London BroncosDavid Howell
26.9%
St HelensShaun Magennis
26.9%
Hull KRShannon McDonnell
26.9%
Catalans DragonsDaryl Millard
26.9%
London BroncosJamie O'Callaghan
24%
Hull FCBen Crooks
22.2%
Widnes VikingsAnthony Mulally
11.1%
Hull FCMatthew Russell
11.1%

You're not logged in!

Compare scores with friends on all Sporcle quizzes.
OR
Log In

Show Comments

Extras

Top Quizzes Today


Score Distribution

Your Account Isn't Verified!

In order to create a playlist on Sporcle, you need to verify the email address you used during registration. Go to your Sporcle Settings to finish the process.

Report this User

Report this user for behavior that violates our Community Guidelines.

Details: